00327nam a2200133Ia 4500008004100000041000800041082001500049100002100064245002100085250001300106260003200119300001100151650003100162231207s9999 xx 000 0 und d aeng a004.16/DOU aAsoke K Talukdar aMobile Computing a2009 Ed. bTata McGraw Hill, New Delhi aPB/668 aComnputer Program Language